[Event "CAN-ch U10"]
[Site "Windsor"]
[Date "2015.07.07"]
[Round "2.90"]
[White "Tang, Matthew"]
[Black "Zhou, Aiden"]
[Result "0-1"]
[WhiteElo "1432"]
[BlackElo "1870"]
[PlyCount "122"]
[EventDate "2015.07.06"]
[EventType "swiss"]
[EventRounds "7"]
[EventCountry "CAN"]
[SourceTitle "EXT 2022"]
[Source "ChessBase"]
[SourceDate "2021.10.06"]
[SourceVersion "1"]
[SourceVersionDate "2021.10.06"]
[SourceQuality "1"]

1. e4 c5 2. Nc3 a6 3. f4 e6 4. Nf3 Qc7 5. d3 d6 6. Be2 Nf6 7. Be3 Be7 8. h3 b5 9. a3 Bb7 10. Nd2 d5 11. exd5 exd5 12. d4 cxd4 13. Bxd4 Qxf4 14. Nf3 Qg3+ 15. Kf1 Nbd7 16. Bf2 Qc7 17. Nd4 0-0 18. Bg4 Nxg4 19. hxg4 Bg5 20. Nce2 Ne5 21. Bg3 Qe7 22. Nf5 Qf6 23. Ned4 g6 24. Bxe5 Qxe5 25. Nf3 Qf4 26. N5h4 Qxg4 27. Qd3 Bxh4 28. Rxh4 Qg3 29. Rh3 Qc7 30. Kf2 Qc5+ 31. Kg3 f5 32. Kh2 Rf7 33. Qe2 Re7 34. Qd2 Rc8 35. Re1 Rxe1 36. Qxe1 Qd6+ 37. Rg3 Rxc2 38. Qe8+ Kg7 39. Nd4 Rf2 40. Qe1 Rf4 41. Qe3 Kf7 42. Ne2 Rh4+ 43. Kg1 f4 44. Qf2 Rh5 45. Nxf4 Rf5 46. Rg4 h5 47. Rh4 g5 48. Rxh5 Qxf4 49. Qb6 Qc1+ 50. Kh2 Qc6 51. Qd8 Qg6 52. Qd7+ Kg8 53. Qd8+ Rf8 54. Rh8+ Kxh8 55. Qxf8+ Kh7 56. Qe7+ Qg7 57. Qe2 d4 58. Qd3+ Kg8 59. Qb3+ Qf7 60. Qd1 Qd5 61. Qe2 Qxg2+ 0-1

[Event "Toronto NAYCC U08"]
[Site "Toronto"]
[Date "2013.08.17"]
[Round "7"]
[White "Gan, David"]
[Black "Tang, Matthew"]
[Result "0-1"]
[WhiteElo "731"]
[BlackElo "1031"]
[PlyCount "104"]
[EventDate "2013.08.14"]
[EventType "swiss"]
[EventRounds "9"]
[EventCountry "CAN"]
[SourceTitle "EXT 2022"]
[Source "ChessBase"]
[SourceDate "2021.10.06"]
[SourceVersion "1"]
[SourceVersionDate "2021.10.06"]
[SourceQuality "1"]

1. e4 e5 2. Nf3 Nc6 3. Bc4 Nf6 4. d3 Bc5 5. 0-0 d6 6. h3 Be6 7. Bxe6 fxe6 8. b3 d5 9. Nbd2 Qd6 10. a4 0-0-0 11. a5 dxe4 12. Ne1 exd3 13. Nxd3 e4 14. Nxc5 Qxc5 15. Qe2 Nd4 16. Qc4 Qxc4 17. Nxc4 Nxc2 18. Ra2 Nd4 19. b4 a6 20. Be3 Nb5 21. Na3 Nxa3 22. Rxa3 Rd3 23. Rxd3 exd3 24. f3 Nd5 25. Bc5 Rd8 26. Rd1 Nc3 27. Rd2 e5 28. Kh2 e4 29. fxe4 Nxe4 30. Rd1 Nxc5 31. bxc5 Rd5 32. c6 bxc6 33. Kg3 c5 34. Kf3 c4 35. Ke3 Kd7 36. Ke4 c6 37. Ke3 Kd6 38. g4 Kc5 39. Kf3 Kb4 40. Kf2 Kc3 41. Ke1 d2+ 42. Ke2 Kc2 43. Rh1 d1Q+ 44. Rxd1 Rxd1 45. Kf3 Kb2 46. Kg3 c3 47. Kh4 c2 48. Kh5 c1Q 49. g5 g6+ 50. Kh6 Rd7 51. h4 Qd1 52. h5 Qxh5# 0-1

[Event "CAN-ch U08"]
[Site "Ottawa"]
[Date "2013.07.11"]
[Round "3"]
[White "Issani, Nameer"]
[Black "Tang, Matthew"]
[Result "1-0"]
[WhiteElo "1425"]
[BlackElo "1031"]
[PlyCount "97"]
[EventDate "2013.07.10"]
[EventType "swiss"]
[EventRounds "6"]
[EventCountry "CAN"]
[SourceTitle "EXT 2022"]
[Source "ChessBase"]
[SourceDate "2021.10.06"]
[SourceVersion "1"]
[SourceVersionDate "2021.10.06"]
[SourceQuality "1"]

1. e4 e5 2. Nf3 Nc6 3. Bb5 a6 4. Ba4 Nf6 5. 0-0 b5 6. Bb3 Be7 7. Re1 0-0 8. c3 d6 9. h3 Be6 10. d4 exd4 11. cxd4 d5 12. e5 Ne4 13. Nbd2 Bb4 14. Nxe4 Bxe1 15. Nxe1 dxe4 16. d5 Nxe5 17. dxe6 Qxd1 18. Bxd1 fxe6 19. g3 Nd3 20. Nxd3 exd3 21. Bf4 c5 22. Bd6 Rfc8 23. a4 c4 24. Bf3 Ra7 25. axb5 Rd7 26. bxa6 Rxd6 27. a7 d2 28. a8Q d1Q+ 29. Bxd1 Rxd1+ 30. Rxd1 Rxa8 31. Rc1 Ra2 32. Rxc4 Rxb2 33. Kg2 Kf7 34. Rc7+ Kf6 35. g4 g5 36. Rxh7 Ke5 37. Rh5 Kf4 38. Rh6 e5 39. Rf6+ Ke4 40. Rf5 Kd4 41. Rxg5 e4 42. Kg3 Ra2 43. Rf5 Ra3+ 44. Kh4 e3 45. fxe3+ Kxe3 46. g5 Ra8 47. g6 Rg8 48. Kg5 Ke4 49. h4 1-0